| 000 | 00351cam a2200145ua 4500 | ||
|---|---|---|---|
| 041 |
_aeng _h |
||
| 082 |
_a690.0223 _bSTO/BU |
||
| 100 | _aStone, W.J . | ||
| 245 |
_aBuilding geometry / _cW.J Stone. _hTextual Documents |
||
| 260 |
_aLondon : _bLongman Green and Co , _c1960. |
||
| 300 | _a213 ; . | ||
| 504 | _a | ||
| 942 | _cBK | ||
| 999 |
_c8550 _d8550 |
||